000 00723nam a22002177a 4500
003 SEM
999 _c70505
_d70505
005 20220608074613.0
008 200724b ||||| |||| 00| 0 arm d
040 _aSEM
_cSEM
041 _aarm
080 _a891.981-3/Մ-28
100 _aՄանուկյան Մուշեղ
245 _aԿռունկ: /
_cՄ. Մանուկյան
246 _aКрунк. /
260 _aԵրևան:
_b«Հայաստան» հրատ.,
_c1969.
300 _a257 էջ;
_c17 սմ
500 _a[Ձորի միրոն: Կածանի ճամփորդներ:]
650 _aՀայ գրականություն
_xարձակ
650 _aԳեղարվեստական գրականություն
_xարձակ
942 _2udc
_cBK